Statistics for Famous People Named Jackie

Click here to take the quiz!

General Stats

  • This quiz has been taken 112 times
  • The average score is 5 of 8

Answer Stats

LifeHintPerson% Correct
1929-1994Fashionable first lady of the United StatesJackie Kennedy
88%
1954-Actor known for his slapstick acrobatic fighting styleJackie Chan
86%
1919-1972#42, who broke the baseball color lineJackie Robinson
69%
FictionalTitle character of Tarantino's third directorial effortJackie Brown
57%
1962-One of the greatest athletes of the heptathlonJackie Joyner-Kersee
53%
1916-1987"The Great One" (known for his brash comedy)Jackie Gleason
43%
1934-1984"(Your Love Keeps Lifting Me) Higher and Higher"Jackie Wilson
32%
1928-2021Stand-up comedian known for his "Yiddish locutions"Jackie Mason
25%

Score Distribution

Percentile by Number Answered

Percent of People with Each Score

Your Score History

You have not taken this quiz